000 00706nam a22002057a 4500
003 OSt
005 20250819091858.0
008 250819b |||||||| |||| 00| 0 eng d
020 _a978-621-409-208-6
040 _aDWC-Main Lib
_cOC
082 _aFil. 658.412 P171s 2023
100 _aPalma, Norvin Moises
245 _aStrategic business analysis with management/
_cNorvin Moises Palma & Janus Aries Q. Simbillo
260 _aMandaluyong City, Philippines :
_bBooks Atbp. Publishing ,
_cc2023.
300 _aviii, 260 pages :
_billustrations ;
_c25cm.
504 _aIncludes bibliography.
650 _a1. Strategic planning.
700 _aSimbillo, Janus Aries Q..
942 _2ddc
_cBK - FIL
_kFil.
_n0
999 _c4093
_d4093